| 000 | 00382cam a2200157ua 4500 | ||
|---|---|---|---|
| 003 | OSt | ||
| 008 | 250610b |||||||| |||| 00| 0 eng d | ||
| 041 | _aeng | ||
| 082 |
_a624.171 _bCOU/TH |
||
| 100 |
_aCoultas, H.W . _97556 |
||
| 245 | _aTheory of structures / | ||
| 250 | _a5 / | ||
| 260 |
_aLondon : _bSir Isaac Pitman & Sons Ltd , _c1961. |
||
| 300 | _a610 ; . | ||
| 942 | _cBK | ||
| 999 |
_c10204 _d10204 |
||